|
|
|
|
| LEADER |
00000nab a2200000ua 4500 |
| 001 |
vtls010845123 |
| 003 |
SK-MaSNL |
| 005 |
20260303135825.0 |
| 008 |
230218s1968 xo |||||||||||||||||slo| |
| 035 |
|
|
|a (urnnbn)urn:nbn:sk:snk:ar-a0746i
|
| 035 |
|
|
|a urn:nbn:sk:snk-ab66tl
|
| 035 |
|
|
|a (uuid)00706919-6dd5-4a57-b5d6-d6261b6f0fe5
|
| 040 |
|
|
|a SNKBUCL
|b slo
|c SNKBUCL
|e AACR2
|
| 041 |
0 |
|
|a slo
|
| 044 |
|
|
|a xo
|c SK
|
| 100 |
1 |
|
|a Klinec, Albín,
|d 1932-
|4 aut
|9 41588
|
| 245 |
1 |
0 |
|a Poznámky k priebehu pohorelskej línie
|c Albín Klinec, D. Štúra
|
| 700 |
1 |
|
|a Štúra, D.
|4 aut
|9 1157565
|
| 773 |
0 |
|
|t Geologické práce : správy
|g Roč. 46, č. 46 (1968), s. 208-209
|
| 954 |
|
|
|a odborná, vedecká literatúra pôvodná (slovenská)
|2 lita
|
| 958 |
|
|
|a OND
|
| 958 |
|
|
|a EUIPO
|
| 958 |
|
|
|a article5
|
| 999 |
|
|
|c 1968107
|d 1970037
|